000 00749nam a22002537a 4500
003 0
005 20180724153742.0
008 0
010 _aB-158616
020 _a8176488313
_c00.00
035 _aB-158616, B-158617
037 _bCen Lib/Ret
040 _aDPL
_bEN
_c0
082 _a363.7392
_bAGA
100 _aAgarwal, S. K.
_915371
245 _aAir pollution /
_cby S.K. Agarwal
260 _aNew Delhi
_bAPH Publishing House
_c2005
270 _a5, Dariya Ganj, Ansari Road
_bNew Delhi
_e110002
300 _aviii, 323p.
_c21cm(Hb)
500 _aIncludes bibliographical references and index
650 _aAir--Pollution
_zIndia
_915372
650 _aPolution effects
_915373
942 _2ddc
_cEN
_h363.7392
_mAGA
999 _c125746
_d125746